Score 0/18 Timer 10:00
0 Plays Today
% Correct
Asuncion
92%
Presidente Hayes
89.5%
Alto Parana
88.9%
Concepcion
86.4%
Caaguazu
84.6%
Alto Paraguay
84%
Misiones
84%
Central
83.3%
Boqueron
82.7%
% Correct
Caazapa
82.7%
Itapua
82.1%
Neembucu
81.5%
Paraguari
81.5%
San Pedro
78.4%
Cordillera
77.8%
Guaira
77.8%
Amambay
77.2%
Canindeyu
75.9%
Remove Ads.
Support Sporcle.
Get the best of Sporcle when you Go Orange. This ad-free experience offers more features, more stats, and more fun while also helping to support Sporcle. Thank you for becoming a member.

You're not logged in!

Compare scores with friends on all Sporcle quizzes.
OR
Log In

Show Comments

Extras

Created Nov 15, 2010ReportNominate
Tags:department

Top Quizzes Today


Score Distribution

Your Account Isn't Verified!

In order to create a playlist on Sporcle, you need to verify the email address you used during registration. Go to your Sporcle Settings to finish the process.

Report this User

Report this user for behavior that violates our Community Guidelines.

Details: